| Registos Bibliográficos associados ao registo de autoridade |
|
Etiqueta de registo: 00254nam 2200025 450 001 2107469 003 http://id.bnportugal.gov.pt/bib/catbnp/2107469 010 ## $a978-989-98719-1-5$bLos autores) 010 ## $a978-84-9127-104-8$bUniversidad de Extremadura) 021 ## $aES$bBA-000523-2021 100 ## $a20220808d2021 k d0pory01030103ba 101 0# $aspa$apor 102 ## $aES 105 ## $aa z 000yy 106 ## $ar 200 1# $aForal Manuelino de Olivença, 1510$fJosé António González Carrillo, Mário Rui Simões Rodrigues, Saul António Gomes$gcoord. científica Saul António Gomes$gfot., des., e maquetização José António González Carrillo$gtrad. Manuel Jesús Sánchez Fernández 205 ## $a1ª ed 210 #9 $aBadajoz$cDiputación de Badajoz$cUniversidad de Extremadura,$dimp. 2021 215 ## $a2 v.$cil.$d32 cm 305 ## $aEd. bilingue em espanhol e português 316 ## $aDedicatória do coautor$5PTBN: H.G. 10673 A. 675 ## $a94(460)".../15"(093)$vBN$zpor$31855464 675 ## $a352(460)".../15(093)$vBN$zpor$31855465 675 ## $a091.0$vBN$zpor$3336550 700 #1 $aGonzález Carrillo,$bJosé António,$f1975-$31854887 701 #1 $aRodrigues,$bMário Rui Simões,$f1967-$4070$31296734 701 #1 $aGomes,$bSaul António,$f1963-$4070$3291066 702 #1 $aSánchez Fernández,$bManuel Jesús$4730$31854889 801 #0 $aPT$bBN$gRPC 966 ## $b001$dV. 1$lBN$mFGMON$sH.G. 10673 A.$x3 966 ## $b001$dV. 2$lBN$mFGMON$sH.G. 10674 A.$x3 966 ## $b002$dV. 1$lBN$mFGMON$sH.G. 10827 A.$x3 966 ## $b002$dV. 2$lBN$mFGMON$sH.G. 10828 A.$x3 971 ## $cssilva$d20220808 972 ## $e0$z0$d20220823$viquintas 973 ## $canasil$d20220810 974 ## $d20220811$e0$vaalmeid
Etiqueta de registo: 00000nam 2200025 450 001 2275106 003 http://id.bnportugal.gov.pt/bib/catbnp/2275106 010 ## $a978-989-98719-2-2 021 ## $aES$bV-154-2026 100 ## $a20260303d2026 m y0pory01030103ba 101 0# $apor 102 ## $aES 105 ## $aa z 000yy 106 ## $ar 200 1# $aConvento São Francisco de Olivença$eentre o velho e o novo$fJosé António González Carrillo, Mário Rui Simões Rodrigues$gfot., des., planos e maquetização José António González Carrillo$gtrad. latinas Agostinho de Sousa Matias 210 #9 $a[S.l.$cs.n.],$dD.L. 2026 215 ## $a227, [8] p.$cil.$d24 cm 316 ## $aDedicatória do coautor$5PTBN: B.A. 53680 V. 675 ## $a726.71(460)(091)$vBN$zpor$31995281 675 ## $a272-523-9(460)"15/17"(093.2)$vBN$zpor$31995292 700 #1 $aGonzález Carrillo,$bJosé António,$f1975-$31854887 701 #1 $aRodrigues,$bMário Rui Simões,$f1967-$4070$31296734 702 #1 $aMatias,$bAgostinho de Sousa,$f1940-$4730$388134 801 #0 $aPT$bBN$gRPC 966 ## $lBN$mFGMON$pADLA$sB.A. 53680 V.$x3 971 ## $cssilva$d20260408 972 ## $e0$z0$d20260415$vasantos 973 ## $ctrodrigues$d20260410
|
|
|